Readings in information visualization : using vision to think
Αποθηκεύτηκε σε:
| Κύριος συγγραφέας: | |
|---|---|
| Άλλοι συγγραφείς: | , |
| Μορφή: | Βιβλίο |
| Γλώσσα: | English |
| Δημοσίευση: |
San Francisco, Calif. :
Morgan Kaufmann,
c1999.
|
| Σειρά: | Morgan Kaufmann series in interactive technologies
|
| Θέματα: | |
| Ετικέτες: |
Προσθήκη ετικέτας
Δεν υπάρχουν, Καταχωρήστε ετικέτα πρώτοι!
|
MARC
| LEADER | 00000cam a2200000 i 4500 | ||
|---|---|---|---|
| 001 | 1/11235 | ||
| 008 | 000911s1999 cau| ||| |||| ||eng|| | ||
| 020 | |a 1558605339 | ||
| 035 | |l 10063757 | ||
| 040 | |a GR-MyUa |b gre |e AACR2 | ||
| 041 | 0 | |a eng | |
| 082 | 7 | |a 621.3987 |2 (21) | |
| 100 | 1 | |a Card, Stuart K. | |
| 245 | 1 | 0 | |a Readings in information visualization : |b using vision to think / |c written and edited by Stuart K. Card, Jock D. Mackinlay, Ben Shneiderman. |
| 260 | |a San Francisco, Calif. : |b Morgan Kaufmann, |c c1999. | ||
| 300 | |a xvii, 686 σ. : |b εικ. (μέρ. έγχρ.), χάρ. ; |c 28 εκ. | ||
| 490 | 1 | |a (The Morgan Kaufmann series in interactive technologies) | |
| 504 | |a Βιβλιογραφία: σ. 645-670. Ευρετήριο. | ||
| 650 | 0 | |a Information visualization. | |
| 650 | 0 | |a Computer graphics. | |
| 650 | 0 | |a Image processing. | |
| 700 | 1 | |a Mackinlay, Jock D. | |
| 700 | 1 | |a Shneiderman, Ben. | |
| 830 | 0 | |a Morgan Kaufmann series in interactive technologies | |
| 852 | |a INST |b SAMOS |e 20000911 |h 621.3987 CAR |p 005300017435 |q 005300017435 |t BK |y 0 | ||
| 852 | |a INST |b SAMOS |e 20000911 |h 621.3987 CAR |p 005300017501 |q 005300017501 |t BK |y 0 | ||
| 852 | |a INST |b SAMOS |e 20000911 |h 621.3987 CAR |p 005300017502 |q 005300017502 |t BK |y 0 | ||
| 852 | |a INST |b SAMOS |e 20000911 |h 621.3987 CAR |p 005300017503 |q 005300017503 |t BK |y 0 | ||
| 852 | |a INST |b SAMOS |e 20000911 |h 621.3987 CAR |p 005300017504 |q 005300017504 |t BK |y 23 | ||
| 852 | |a INST |b SAMOS |e 20000911 |h 621.3987 CAR |p 005300017505 |q 005300017505 |t BK |y 0 | ||
| 852 | |a INST |b SAMOS |e 20000911 |h 621.3987 CAR |p 005300017506 |q 005300017506 |t BK |y 0 | ||
| 852 | |a INST |b SAMOS |e 20000911 |h 621.3987 CAR |p 005300017507 |q 005300017507 |t BK |y 0 | ||
| 852 | |a INST |b SAMOS |e 20000911 |h 621.3987 CAR |p 005300017508 |q 005300017508 |t BK |y 0 | ||
| 852 | |a INST |b SYROS |e 20000911 |h 621.3987 CAR |p 005500000468 |q 005500000468 |t BK |y 0 | ||
| 852 | |a INST |b SYROS |e 20010122 |h 621.3987 CAR |p 005500001689 |q 005500001689 |t BK |y 0 | ||
| 852 | |a INST |b SYROS |e 20001204 |h 621.3987 CAR |p 005500002224 |q 005500002224 |t BK |y 0 | ||
| 901 | |a BIBL3-2000-3 | ||
| 901 | |a BIBL5-2000-3 | ||
| 922 | |a 3ΕΛΗ |b 200002 |c ΤΠΕΣ/ΠΟΛ |d LEADER | ||
| 922 | |a 5ΕΛΗ |b 200002 |c ΤΠΕΣ/ΠΟΛ |d LEADER | ||
| 922 | |a 5ΕΛΗ |b 200010 |c Βιβλιοθήκη |d Μιχαλόπουλος | ||
| 922 | |a 5ΕΛΗ |b 200012 |c Γραφικών Τεχνών |d Μιχαλόπουλος | ||
| 950 | |a 183-2000-09-11 | ||
| 950 | |a 183-2000-12-09 | ||
| 970 | |a Πουρνάρας |b Δημήτρης |z 11/09/2000 | ||